[Event "EU-ch U16 30th"]
[Site "Antalya"]
[Date "2022.11.09"]
[Round "4"]
[White "Grahn, Vidar"]
[Black "Caputcuoglu, Zeki Berke"]
[Result "0-1"]
[WhiteElo "2072"]
[BlackElo "2321"]
[PlyCount "128"]
[EventDate "2022.11.06"]
[EventType "swiss"]
[EventRounds "9"]
[EventCountry "TUR"]
[SourceTitle "EXT 2024"]
[Source "ChessBase"]
[SourceDate "2023.10.10"]
[SourceVersion "1"]
[SourceVersionDate "2023.10.10"]
[SourceQuality "1"]

1. e4 c5 2. Nf3 a6 3. c3 d5 4. exd5 Qxd5 5. d4 Nf6 6. Be3 cxd4 7. cxd4 e6 8. Nc3 Qd6 9. Be2 Nc6 10. 0-0 Be7 11. a3 0-0 12. Qd2 b5 13. b4 Bb7 14. Rfd1 Rfd8 15. Ng5 Rac8 16. Bf3 Qb8 17. Rac1 Ne5 18. Bf4 Nxf3+ 19. Nxf3 Qa8 20. Ne1 Rc4 21. f3 Bc6 22. Be5 Nd5 23. Ne4 Rxc1 24. Qxc1 Nb6 25. Bc7 Rc8 26. Bxb6 Bxe4 27. Qf4 Bg6 28. Rc1 h5 29. Bc5 Bf6 30. Qd2 Qd5 31. Rc3 e5 32. Nd3 exd4 33. Nf4 Qf5 34. Rc1 h4 35. Rd1 Rd8 36. Nxg6 Qxg6 37. Qd3 Qg5 38. Qe4 d3 39. Be3 Qd5 40. Qxd5 Rxd5 41. Kf2 Bb2 42. Bc1 Bxc1 43. Rxc1 d2 44. Rd1 Rd3 45. Ke2 Rxa3 46. Rxd2 Rb3 47. Rd8+ Kh7 48. Rd4 g5 49. f4 Kg6 50. Rd6+ f6 51. fxg5 Kxg5 52. Rxa6 Rxb4 53. Rb6 Rb2+ 54. Kf3 b4 55. h3 Rb1 56. Rb5+ f5 57. Rb8 b3 58. g3 b2 59. gxh4+ Kxh4 60. Kg2 f4 61. Rb4 Kh5 62. Kh2 f3 63. Rb8 Kg5 64. Rb4 f2 0-1

[Event "Titled Tuesday intern op 18th Oct Late"]
[Site "Chess.com INT"]
[Date "2022.10.18"]
[Round "1"]
[White "Caputcuoglu, Zeki Berke"]
[Black "Rengifo Blancas, Renzo Jhonathan"]
[Result "1-0"]
[WhiteElo "2370"]
[BlackElo "2131"]
[PlyCount "129"]
[EventDate "2022.10.18"]
[EventType "swiss (blitz)"]
[EventRounds "11"]
[EventCountry "USA"]
[SourceTitle "EXT 2024"]
[Source "ChessBase"]
[SourceDate "2023.10.10"]
[SourceVersion "1"]
[SourceVersionDate "2023.10.10"]
[SourceQuality "1"]

1. e4 d6 2. d4 Nf6 3. Nc3 e5 4. Nf3 Nbd7 5. g4 h6 6. Bc4 Be7 7. g5 hxg5 8. Nxg5 0-0 9. Rg1 c6 10. Be3 b5 11. Bb3 exd4 12. Bxd4 Nc5 13. Qf3 Nxb3 14. axb3 Bg4 15. Qg3 Qd7 16. Bxf6 Bxf6 17. Qxg4 Qxg4 18. Rxg4 Rfe8 19. 0-0-0 a5 20. f3 a4 21. bxa4 bxa4 22. Nb1 Reb8 23. c3 a3 24. Nxa3 Bxc3 25. bxc3 Rxa3 26. Rxd6 Ra2 27. Rd2 Ra1+ 28. Kc2 g6 29. Rgg2 Ra2+ 30. Kd3 Ra3 31. Nh3 Kg7 32. Nf4 Kf6 33. Rc2 Rd8+ 34. Ke3 Ra1 35. Nd3 Rd1 36. Rgd2 Rh1 37. e5+ Kg7 38. Nf4 Rh8 39. Ra2 g5 40. Nd3 Rh3 41. Nf2 Re1+ 42. Kd4 Rxf3 43. Ne4 Rf4 44. Re2 Rd1+ 45. Kc5 Rc1 46. Re3 g4 47. Kxc6 Rf5 48. Nd6 Rf3 49. Rxf3 gxf3 50. c4 Rf1 51. c5 Kg6 52. Kc7 f5 53. exf6 Kxf6 54. Ne4+ Ke5 55. Ng3 Rc1 56. c6 Kf4 57. Kd7 Ke3 58. c7 f2 59. c8Q Rd1+ 60. Ke7 Re1 61. Kf7 Kf3 62. Qc6+ Kg4 63. Rxf2 Kh3 64. Qh6+ Kg4 65. Qh5# 1-0

[Event "World ol U16"]
[Site "Nakhchivan"]
[Date "2022.10.05"]
[Round "4.7"]
[White "Teh, Rui Gen"]
[Black "Caputcuoglu, Zeki Berke"]
[Result "0-1"]
[WhiteElo "1756"]
[BlackElo "2370"]
[PlyCount "100"]
[EventDate "2022.10.02"]
[EventType "team-swiss"]
[EventRounds "9"]
[EventCountry "AZE"]
[SourceTitle "CBM 210 Extra"]
[Source "ChessBase"]
[SourceDate "2022.11.30"]
[SourceVersion "1"]
[SourceVersionDate "2022.11.30"]
[SourceQuality "1"]
[WhiteTeam "Malaysia"]
[BlackTeam "Turkey White"]
[WhiteTeamCountry "MAS"]
[BlackTeamCountry "TUR"]

1. e4 e5 2. Nf3 d6 3. d4 exd4 4. Nxd4 Nf6 5. Nc3 Be7 6. Be2 0-0 7. 0-0 Re8 8. Re1 Bf8 9. Bf3 h6 10. g3 c5 11. Nde2 Nc6 12. Bg2 Bd7 13. Nf4 Ne5 14. b3 g6 15. Bb2 b5 16. Ncd5 Nxd5 17. Nxd5 Bg7 18. Rb1 b4 19. h3 Nc6 20. Bxg7 Kxg7 21. Qd2 Nd4 22. c3 bxc3 23. Qxc3 Bc6 24. Nf4 Qf6 25. Rbd1 a5 26. Qd3 Rab8 27. Qd2 Rb5 28. Ne2 Rb4 29. Nxd4 Rxd4 30. Qxa5 Ra8 31. Qc3 Rxa2 32. Qe3 Qe5 33. Rc1 Rdd2 34. Rcd1 Rdc2 35. Rc1 Rxc1 36. Qxc1 Qd4 37. Qf4 Ra1 38. Rxa1 Qxa1+ 39. Kh2 Qd4 40. h4 Bd7 41. Bh3 Bc6 42. Bg2 h5 43. e5 Bxg2 44. Qf6+ Kg8 45. Qd8+ Kh7 46. Kxg2 Qxe5 47. Qb6 Kg7 48. Kf3 d5 49. Kg2 d4 50. Qd8 Qe4+ 0-1

[Event "World ol U16"]
[Site "Nakhchivan"]
[Date "2022.10.02"]
[Round "1.7"]
[White "Caputcuoglu, Zeki Berke"]
[Black "Levitan, Caleb Levi"]
[Result "1-0"]
[WhiteElo "2370"]
[BlackElo "2063"]
[PlyCount "191"]
[EventDate "2022.10.02"]
[EventType "team-swiss"]
[EventRounds "9"]
[EventCountry "AZE"]
[SourceTitle "CBM 210 Extra"]
[Source "ChessBase"]
[SourceDate "2022.11.30"]
[SourceVersion "1"]
[SourceVersionDate "2022.11.30"]
[SourceQuality "1"]
[WhiteTeam "Turkey White"]
[BlackTeam "South Africa"]
[WhiteTeamCountry "TUR"]
[BlackTeamCountry "RSA"]

1. e4 c5 2. Nf3 e6 3. d4 cxd4 4. Nxd4 a6 5. Bd3 Bc5 6. Nb3 Ba7 7. 0-0 Nc6 8. Qg4 Qf6 9. Nc3 Nge7 10. Kh1 Ne5 11. Qe2 Nxd3 12. cxd3 0-0 13. Be3 Bxe3 14. Qxe3 d5 15. e5 Qg6 16. Nd4 Bd7 17. f4 Nf5 18. Nxf5 Qxf5 19. Ne2 Rac8 20. Nd4 Qg6 21. Rf3 f5 22. Rff1 Qe8 23. Rac1 Qe7 24. Qd2 Rc5 25. Nb3 Rcc8 26. Nd4 b6 27. Rxc8 Rxc8 28. Rc1 Rc5 29. a3 a5 30. Rxc5 bxc5 31. Nf3 Qd8 32. Qc3 Qb6 33. d4 c4 34. h3 Be8 35. Nd2 Ba4 36. Nf1 h6 37. Qd2 Qb3 38. Kh2 Qd1 39. Qxd1 Bxd1 40. Ne3 Ba4 41. g4 g6 42. Kg3 Kf7 43. Kh4 Kg7 44. Kg3 Kf7 45. Kf2 Ke7 46. Ke2 Kd8 47. Kd2 Kc7 48. Ng2 Kb6 49. Nh4 Be8 50. Kc3 Kc6 51. Nf3 Kb6 52. Nd2 Ba4 53. Nf1 Bd1 54. Nh2 Ka6 55. Kd2 Ba4 56. h4 Be8 57. h5 fxg4 58. Nxg4 gxh5 59. Nxh6 Bg6 60. Ng8 Kb6 61. Ne7 Be4 62. Ke3 Kc7 63. Ng8 h4 64. Kf2 Kd8 65. Kg1 Bf5 66. Kh2 Ke8 67. Nh6 Bd3 68. Kh3 Kf8 69. Kxh4 Kg7 70. Kg5 Bc2 71. Ng4 Kf7 72. Nf6 Ke7 73. f5 Bxf5 74. Nxd5+ Kf7 75. Nb6 Bd3 76. Nd7 Be4 77. Kf4 Bc6 78. Nb6 Bb5 79. Ke3 Ke7 80. Kd2 Kd8 81. Kc3 Kc7 82. Nxc4 a4 83. Kb4 Bd7 84. Kc5 Bc6 85. Nd2 Bd5 86. Nb1 Bb3 87. Nc3 Kd7 88. Ne4 Bc2 89. Nc3 Kc7 90. d5 exd5 91. e6 d4 92. Nd5+ Kd8 93. Kxd4 Bb3 94. Ke5 Ke8 95. Kd6 Bd1 96. Nf6+ 1-0

[Event "TUR-chT"]
[Site "Ankara"]
[Date "2022.08.16"]
[Round "1.6"]
[White "Caputcuoglu, Zeki Berke"]
[Black "Celik, Hasan Huseyin"]
[Result "1-0"]
[WhiteElo "2263"]
[BlackElo "2376"]
[PlyCount "107"]
[EventDate "2022.08.16"]
[EventType "team-tourn"]
[EventRounds "13"]
[EventCountry "TUR"]
[SourceTitle "CBM 209 Extra"]
[Source "ChessBase"]
[SourceDate "2022.09.30"]
[SourceVersion "1"]
[SourceVersionDate "2022.09.30"]
[SourceQuality "1"]
[WhiteTeam "Gokyay Vakfi"]
[BlackTeam "Burhaniye"]
[WhiteTeamCountry "TUR"]
[BlackTeamCountry "TUN"]

1. c4 Nf6 2. g3 e6 3. Bg2 d5 4. Nf3 Be7 5. 0-0 0-0 6. b3 b6 7. Bb2 Bb7 8. cxd5 exd5 9. d4 c5 10. dxc5 bxc5 11. Nc3 d4 12. Na4 Nbd7 13. Rc1 Rc8 14. Ba3 Re8 15. Ne1 Bxg2 16. Nxg2 Nd5 17. e4 N5b6 18. Nb2 Bf8 19. Re1 Ne5 20. f4 Ng6 21. Qd3 Qd7 22. Nc4 Qb5 23. Re2 Ne7 24. Qf3 Nxc4 25. bxc4 Qa5 26. Qd3 Nc6 27. e5 Qa4 28. Nh4 Rb8 29. Nf3 h6 30. g4 Nb4 31. Bxb4 Rxb4 32. g5 Qc6 33. f5 hxg5 34. Nxg5 Qh6 35. h4 Qxh4 36. Nf3 Qf4 37. Rf1 Reb8 38. Nd2 Qg5+ 39. Kh1 Qh6+ 40. Kg2 Qg5+ 41. Kh1 R8b6 42. f6 g6 43. Rg1 Qh6+ 44. Rh2 Qxh2+ 45. Kxh2 Rb2 46. Rg2 Rxa2 47. Nf3 Rxg2+ 48. Kxg2 Rb2+ 49. Kg3 Bh6 50. Qe4 Rb6 51. Qa8+ Bf8 52. Qxa7 Rb3 53. Kg4 Rb1 54. Qd7 1-0

[Event "Istanbul op"]
[Site "Istanbul"]
[Date "2022.08.13"]
[Round "7"]
[White "Abdisalimov, Abdimalik"]
[Black "Caputcuoglu, Zeki Berke"]
[Result "1/2-1/2"]
[WhiteElo "2437"]
[BlackElo "2263"]
[PlyCount "91"]
[EventDate "2022.08.08"]
[EventType "swiss"]
[EventRounds "9"]
[EventCountry "TUR"]
[SourceTitle "CBM 209 Extra"]
[Source "ChessBase"]
[SourceDate "2022.09.30"]
[SourceVersion "1"]
[SourceVersionDate "2022.09.30"]
[SourceQuality "1"]

1. d4 Nf6 2. c4 g6 3. Nc3 Bg7 4. e4 d6 5. Nf3 Bg4 6. Be3 Nc6 7. Be2 Bxf3 8. Bxf3 e5 9. d5 Nd4 10. Bxd4 exd4 11. Qxd4 0-0 12. 0-0 a5 13. Qd2 Nd7 14. Rae1 a4 15. Bd1 Nc5 16. b4 axb3 17. axb3 Re8 18. Bc2 Qf6 19. Nb5 Ra2 20. b4 Na6 21. Re2 Qb2 22. Rb1 Qxb1+ 23. Bxb1 Rxd2 24. Rxd2 Nxb4 25. f4 Na6 26. Kf2 Nc5 27. Kf3 Rc8 28. Re2 Nb3 29. Ke3 Kf8 30. Bc2 Nc5 31. Kf3 Nd7 32. g4 Ke7 33. Rd2 g5 34. fxg5 Ne5+ 35. Kg3 Nxc4 36. Rd3 c6 37. dxc6 bxc6 38. Na3 Nxa3 39. Rxa3 Be5+ 40. Kg2 Rb8 41. Bb3 Bd4 42. Ba2 Rb2+ 43. Kg3 Bc5 44. Ra6 Bb6 45. h4 Bf2+ 46. Kh3 1/2-1/2

[Event "Ankara Baskent Univ op-A 5th"]
[Site "Ankara"]
[Date "2022.07.05"]
[Round "6"]
[White "Caputcuoglu, Zeki Berke"]
[Black "Atabayev, Saparmyrat"]
[Result "0-1"]
[WhiteElo "2203"]
[BlackElo "2447"]
[PlyCount "84"]
[EventDate "2022.07.02"]
[EventType "swiss"]
[EventRounds "9"]
[EventCountry "TUR"]
[SourceTitle "CBM 209 Extra"]
[Source "ChessBase"]
[SourceDate "2022.09.30"]
[SourceVersion "1"]
[SourceVersionDate "2022.09.30"]
[SourceQuality "1"]

1. e4 c5 2. Nf3 d6 3. d4 cxd4 4. Nxd4 Nf6 5. Nc3 a6 6. a3 g6 7. f3 Bg7 8. Be3 0-0 9. Qd2 Nc6 10. 0-0-0 Nxd4 11. Bxd4 Be6 12. g4 Qa5 13. Kb1 Rfc8 14. h4 h5 15. g5 Ne8 16. Nd5 Qxd2 17. Rxd2 Bxd5 18. exd5 Bxd4 19. Rxd4 Ng7 20. Bh3 Rc7 21. Re1 b5 22. Re3 Rf8 23. f4 f6 24. Rg3 fxg5 25. Rxg5 Rc4 26. Rxc4 bxc4 27. f5 gxf5 28. Bf1 f4 29. Bxc4 a5 30. Kc1 f3 31. Kd2 Rf4 32. Bf1 Rxh4 33. Ke3 Kf7 34. Kxf3 Kf6 35. Rg1 Rd4 36. Bd3 Rxd5 37. Rg6+ Kf7 38. Rh6 Rg5 39. b4 axb4 40. axb4 Ne6 41. Ke3 Re5+ 42. Kf3 Nf8 0-1

[Event "Titled Tuesday intern op 28th Jun Late"]
[Site "Chess.com INT"]
[Date "2022.06.28"]
[Round "2"]
[White "Caputcuoglu, Zeki Berke"]
[Black "Bobadilla Viera, Jorge Samuel"]
[Result "0-1"]
[WhiteElo "2148"]
[BlackElo "2287"]
[PlyCount "100"]
[EventDate "2022.06.28"]
[EventType "swiss (blitz)"]
[EventRounds "11"]
[EventCountry "USA"]
[SourceTitle "CBM 209 Extra"]
[Source "ChessBase"]
[SourceDate "2022.09.30"]
[SourceVersion "1"]
[SourceVersionDate "2022.09.30"]
[SourceQuality "1"]

1. e4 c5 2. Nf3 d6 3. d4 cxd4 4. Nxd4 Nf6 5. Nc3 a6 6. Be3 e5 7. Nb3 Be6 8. f3 Be7 9. Qd2 0-0 10. 0-0-0 a5 11. a4 Na6 12. Bb5 Nc7 13. g4 d5 14. exd5 Nfxd5 15. Nxd5 Nxd5 16. Kb1 Qc7 17. Bg5 Bxg5 18. Qxg5 Rac8 19. Na1 Rfd8 20. Rhe1 f6 21. Qh4 Nf4 22. Qf2 Rxd1+ 23. Rxd1 Rd8 24. Rxd8+ Qxd8 25. Kc1 g6 26. Qd2 Qc7 27. c3 Kg7 28. Nc2 Bd5 29. Qe3 h5 30. gxh5 Nxh5 31. Na3 Nf4 32. Nb1 f5 33. Nd2 Kf6 34. Kc2 b6 35. Nb3 g5 36. Nc1 Ne6 37. Nd3 e4 38. fxe4 Bxe4 39. Kc1 Bxd3 40. Bxd3 Qxh2 41. Qxb6 Qe5 42. Qb5 g4 43. Qxe5+ Kxe5 44. Kd2 f4 45. Ke2 f3+ 46. Kf2 Kf4 47. b4 g3+ 48. Kg1 g2 49. bxa5 Kg3 50. a6 f2# 0-1

[Event "Titled Tuesday intern op 28th Jun Late"]
[Site "Chess.com INT"]
[Date "2022.06.28"]
[Round "3"]
[White "Caputcuoglu, Zeki Berke"]
[Black "Kovacevic, Radmila"]
[Result "1-0"]
[WhiteElo "2148"]
[BlackElo "2113"]
[PlyCount "63"]
[EventDate "2022.06.28"]
[EventType "swiss (blitz)"]
[EventRounds "11"]
[EventCountry "USA"]
[SourceTitle "CBM 209 Extra"]
[Source "ChessBase"]
[SourceDate "2022.09.30"]
[SourceVersion "1"]
[SourceVersionDate "2022.09.30"]
[SourceQuality "1"]

1. e4 e5 2. Nf3 d5 3. exd5 e4 4. Qe2 Nf6 5. d3 Qxd5 6. Nbd2 Be7 7. dxe4 Qd8 8. e5 Nd5 9. Ne4 Nc6 10. Bd2 Bg4 11. 0-0-0 0-0 12. h3 Nd4 13. Qd3 Bxf3 14. gxf3 c5 15. Rg1 Kh8 16. c3 Nc6 17. Bg5 Nc7 18. Qc2 Qe8 19. f4 Rd8 20. Bc4 h6 21. Bxe7 Qxe7 22. Rxd8 Rxd8 23. Nd6 Ne6 24. Qf5 Rf8 25. Qe4 Ned8 26. Rxg7 f5 27. Nxf5 Qxg7 28. Nxg7 Kxg7 29. f5 Nf7 30. f6+ Kh8 31. e6 Nd6 32. Qg6 1-0

[Event "Titled Tuesday intern op 12th Apr Early"]
[Site "Chess.com INT"]
[Date "2022.04.12"]
[Round "2"]
[White "Caputcuoglu, Zeki Berke"]
[Black "Simonovic, Miroslav"]
[Result "1-0"]
[WhiteElo "2095"]
[BlackElo "2115"]
[PlyCount "67"]
[EventDate "2022.04.12"]
[EventType "swiss (blitz)"]
[EventRounds "11"]
[EventCountry "USA"]
[SourceTitle "CBM 207 Extra"]
[Source "ChessBase"]
[SourceDate "2022.05.31"]
[SourceVersion "1"]
[SourceVersionDate "2022.05.31"]
[SourceQuality "1"]

1. e4 c5 2. Nf3 Nc6 3. d4 cxd4 4. Nxd4 e5 5. Nb5 d6 6. N1c3 a6 7. Na3 b5 8. Nd5 Nf6 9. Bg5 Be7 10. Bxf6 Bxf6 11. c4 b4 12. Nc2 Rb8 13. g3 0-0 14. h4 b3 15. axb3 Rxb3 16. Ra2 g6 17. h5 Bg7 18. Be2 Be6 19. Rxa6 Bxd5 20. cxd5 Nb8 21. Ra2 Qb6 22. Kf1 f5 23. Kg2 fxe4 24. Ne3 Bh6 25. Ng4 Bg5 26. hxg6 hxg6 27. Qc2 Kg7 28. Ra7+ Rf7 29. Rxf7+ Kxf7 30. Rh7+ Kg8 31. Qc7 Qxc7 32. Rxc7 Rxb2 33. Rc8+ Kf7 34. Bf1 1-0

[Event "TUR Cup"]
[Site "Adapazari"]
[Date "2022.03.28"]
[Round "5"]
[White "Samani, Yamac"]
[Black "Caputcuoglu, Zeki Berke"]
[Result "1-0"]
[WhiteElo "2321"]
[BlackElo "2095"]
[PlyCount "54"]
[EventDate "2022.03.25"]
[EventType "swiss"]
[EventRounds "11"]
[EventCountry "TUR"]
[SourceTitle "EXT 2023"]
[Source "ChessBase"]
[SourceDate "2022.10.05"]
[SourceVersion "1"]
[SourceVersionDate "2022.10.05"]
[SourceQuality "1"]

1. Nf3 Nf6 2. g3 g6 3. b3 Bg7 4. Bb2 d5 5. c4 dxc4 6. bxc4 c5 7. Bg2 0-0 8. 0-0 Nc6 9. d3 Qc7 10. Nc3 Rd8 11. Nb5 Qb8 12. Rb1 e5 13. Ng5 Nd4 14. Ba3 Bf8 15. Nc3 Qc7 16. e3 Nf5 17. Nd5 Nxd5 18. Bxd5 Nd6 19. f4 Re8 20. Bb2 exf4 21. Rxf4 Be6 22. Bxe6 fxe6 23. Be5 Qc6 24. Qg4 Nf5 25. Qh3 Re7 26. g4 Nd6 27. Rf6 Rg7 1-0

[Event "TUR Cup"]
[Site "Adapazari"]
[Date "2022.03.26"]
[Round "3"]
[White "Caliskan, Soner"]
[Black "Caputcuoglu, Zeki Berke"]
[Result "0-1"]
[WhiteElo "1661"]
[BlackElo "2095"]
[PlyCount "50"]
[EventDate "2022.03.25"]
[EventType "swiss"]
[EventRounds "11"]
[EventCountry "TUR"]
[SourceTitle "EXT 2023"]
[Source "ChessBase"]
[SourceDate "2022.10.05"]
[SourceVersion "1"]
[SourceVersionDate "2022.10.05"]
[SourceQuality "1"]

1. e4 e5 2. Nf3 Nc6 3. Bc4 Bc5 4. c3 Nf6 5. d4 exd4 6. cxd4 Bb4+ 7. Bd2 Bxd2+ 8. Nbxd2 d5 9. exd5 Nxd5 10. 0-0 0-0 11. Re1 Nb6 12. Bb3 Bg4 13. Re4 Bh5 14. Qe2 Bg6 15. Re3 Nd5 16. Bxd5 Qxd5 17. Nb3 Rad8 18. Re1 a5 19. Ne5 a4 20. Nxc6 Qxc6 21. Na5 Qb6 22. Re8 Rdxe8 23. Qxe8 Qxa5 24. Qe7 f6 25. Qe6+ Bf7 0-1

[Event "Belgrade Serbia op"]
[Site "Belgrade"]
[Date "2021.07.03"]
[Round "3"]
[White "Caputcuoglu, Zeki Berke"]
[Black "Sredojevic, Ivan"]
[Result "1/2-1/2"]
[WhiteElo "2138"]
[BlackElo "2284"]
[PlyCount "103"]
[EventDate "2021.07.02"]
[EventType "swiss"]
[EventRounds "9"]
[EventCountry "SRB"]
[SourceTitle "CBM 203 Extra"]
[Source "ChessBase"]
[SourceDate "2021.09.30"]
[SourceVersion "1"]
[SourceVersionDate "2021.09.30"]
[SourceQuality "1"]

1. e4 d6 2. d4 Nf6 3. Nc3 e5 4. Nf3 Nbd7 5. g4 g6 6. g5 Nh5 7. Be3 Bg7 8. Qd2 0-0 9. 0-0-0 c6 10. dxe5 dxe5 11. Bh3 Qa5 12. Kb1 Nb6 13. Bxc8 Nc4 14. Qd3 Qb4 15. b3 Nxe3 16. Qxe3 Rfxc8 17. Rd7 Re8 18. Ne2 Bf8 19. Nd2 Rad8 20. Rxd8 Rxd8 21. Nc4 Nf4 22. Nxe5 Nxe2 23. Qxe2 Qc3 24. Nd3 Ba3 25. e5 c5 26. e6 c4 27. exf7+ Kf8 28. Qe5 Qxe5 29. Nxe5 b5 30. bxc4 bxc4 31. Nxc4 Rb8+ 32. Ka1 Bc5 33. a3 Bxf2 34. Ka2 Bh4 35. Rg1 Rb5 36. Nd6 Rd5 37. Ne4 Kxf7 38. Kb3 Ke6 39. Rg4 Be1 40. Nf6 Re5 41. Nxh7 Re3+ 42. Kb2 Kf5 43. Rg2 Re7 44. Nf6 Rb7+ 45. Kc1 Bh4 46. Nd5 Bxg5+ 47. Kd1 Rb1+ 48. Ke2 Rb5 49. Nb4 Re5+ 50. Kd1 Ra5 51. Rf2+ Ke4 52. Rg2 1/2-1/2

[Event "Veliko Gradiste Silver Lake op-A"]
[Site "Veliko Gradiste"]
[Date "2021.06.29"]
[Round "8"]
[White "Nurgaliyev, Sauat"]
[Black "Caputcuoglu, Zeki Berke"]
[Result "1-0"]
[WhiteElo "1803"]
[BlackElo "2138"]
[PlyCount "117"]
[EventDate "2021.06.23"]
[EventType "swiss"]
[EventRounds "9"]
[EventCountry "SRB"]
[SourceTitle "EXT 2022"]
[Source "ChessBase"]
[SourceDate "2021.10.06"]
[SourceVersion "1"]
[SourceVersionDate "2021.10.06"]
[SourceQuality "1"]

1. e4 e5 2. Nf3 Nc6 3. d4 exd4 4. Nxd4 Bc5 5. Nb3 Bb6 6. Nc3 d6 7. Qe2 a5 8. Be3 a4 9. Bxb6 axb3 10. Be3 bxa2 11. Rxa2 Rxa2 12. Nxa2 Nge7 13. Nc3 0-0 14. Qd2 f5 15. Bd3 fxe4 16. Bxe4 Be6 17. Nd5 Nxd5 18. Bxd5 Bxd5 19. Qxd5+ Kh8 20. 0-0 Qd7 21. Ra1 h6 22. Qb5 b6 23. h3 Ne5 24. Qxd7 Nxd7 25. Ra7 Rc8 26. Bd4 Kg8 27. Ra3 c5 28. Ra7 Rd8 29. Be3 Kf7 30. h4 Ke6 31. h5 d5 32. c3 Rf8 33. b4 Rf7 34. f3 Kd6 35. Kf1 Kc6 36. Ke2 Kb5 37. Kd2 Kc6 38. Bf2 Rf5 39. bxc5 bxc5 40. Bg3 Rf7 41. Rc7+ Kb6 42. Bd6 Rf6 43. Rxd7 Kc6 44. Rxg7 Kxd6 45. Rg6 Ke5 46. Rxf6 Kxf6 47. Ke3 Kf5 48. g3 Ke5 49. g4 Ke6 50. f4 Kf6 51. f5 Kf7 52. Kd3 Kf6 53. Kc2 Ke5 54. Kb3 Kf6 55. Kc2 Ke5 56. Kb2 Kf6 57. Kb3 Ke5 58. Ka4 c4 59. Kb5 1-0

[Event "Veliko Gradiste Silver Lake op-A"]
[Site "Veliko Gradiste"]
[Date "2021.06.23"]
[Round "1"]
[White "Puranik, Abhimanyu Sameer"]
[Black "Caputcuoglu, Zeki Berke"]
[Result "1/2-1/2"]
[WhiteElo "2589"]
[BlackElo "2138"]
[PlyCount "111"]
[EventDate "2021.06.23"]
[EventType "swiss"]
[EventRounds "9"]
[EventCountry "SRB"]
[SourceTitle "CBM 203 Extra"]
[Source "ChessBase"]
[SourceDate "2021.09.30"]
[SourceVersion "1"]
[SourceVersionDate "2021.09.30"]
[SourceQuality "1"]

1. c4 Nf6 2. Nc3 g6 3. Nf3 Bg7 4. g3 0-0 5. Bg2 d6 6. 0-0 e5 7. d3 Re8 8. Ng5 h6 9. Nge4 Nxe4 10. dxe4 Be6 11. b3 a5 12. Bb2 Nd7 13. Rc1 Nc5 14. Qd2 c6 15. Rfd1 Qb6 16. Ba3 Rad8 17. Qe3 Bf8 18. Rc2 Bc8 19. Rcd2 Qc7 20. f4 b6 21. Kh1 Bg7 22. Bb2 Kh7 23. f5 Bf6 24. Qf2 Kg7 25. Rf1 Qe7 26. Nd1 h5 27. h4 g5 28. Rc2 g4 29. Bc1 Bb7 30. Nc3 Rc8 31. Be3 Red8 32. Rd2 Rd7 33. Rb1 b5 34. cxb5 cxb5 35. Nd5 Bxd5 36. Rxd5 Rdc7 37. Rbd1 Rc6 38. Bd2 b4 39. Qe3 Rh8 40. Bc1 Qc7 41. Bd2 Qe7 42. Kh2 Qc7 43. Be1 Qe7 44. Ra1 Rb8 45. Bd2 Rh8 46. a3 Qb7 47. axb4 axb4 48. Rc1 Rb6 49. Rc4 Qb8 50. Be1 Rc8 51. Rd1 Qb7 52. Rb1 Ra8 53. Bd2 Rh8 54. Ra1 Rb5 55. Rc2 Rb6 56. Ra5 1/2-1/2